Inter Miami Best Scorer By Year - Statistics

General Stats
  • This quiz has been taken 158 times
    90 since last reset
  • The average score is 3 of 5
Answer Stats
Player % Correct
Lionel Messi
100%
Luis Suárez
80%
Gonzalo Higuaín
62%
Leonardo Campana
35%
Lewis Morgan
9%
No matching quizzes found
Score Distribution
Percent of People with Each Score
Percentile by Number Answered
Your Score History
You have not taken this quiz since the last reset